Statystyki dla Beteo - Nowy Pop

Kliknij tutaj aby rozwiązać quiz!

Ogólne statystyki

  • Ten quiz został rozwiązany 7 razy
  • Średni wynik to 8 z 12

Statystyki odpowiedzi

NumerTytułGość% Poprawnych
9MeowReto
100%
5AquaparkŻabson
86%
1Ja
86%
2Popstar & RockstarWhite 2115
86%
12Ty
86%
3Domki na drzewachMerghani
71%
6Kocha, nie kocham
71%
10Nowy Pop
71%
7Paradise
43%
11Rollercoaster
43%
4Znasz mnie?
29%
8Wszystko było nasze
0%

Rozkład punktacji

Percentyl według liczby udzielonych odpowiedzi

Procent ludzi z każdym wynikiem

Twoja historia wyników

Nie rozwiązałeś tego quizu